[Event "COL-ch U16 Girls"]
[Site "Medellin"]
[Date "2025.04.27"]
[Round "7"]
[White "Acevedo Gonzalez, Salome"]
[Black "Rendon Galvis, Paulina"]
[Result "0-1"]
[WhiteElo "1493"]
[BlackElo "1417"]
[PlyCount "46"]
[EventDate "2025.04.24"]
[EventType "swiss"]
[EventRounds "7"]
[EventCountry "COL"]
[SourceTitle "CB18_2025"]
[SourceDate "2025.04.30"]
[SourceVersion "1"]
[SourceVersionDate "2025.04.30"]
[SourceQuality "1"]

1. e4 e5 2. Nf3 Nf6 3. Nc3 Nc6 4. Bb5 Bc5 5. Bxc6 bxc6 6. Nxe5 Qe7 7. f4 Bd6 8. d3 Bxe5 9. fxe5 Qxe5 10. Be3 d5 11. Qe2 d4 12. Bxd4 Qxd4 13. 0-0-0 Bg4 14. Qd2 Bxd1 15. Qxd1 Qe3+ 16. Qd2 Qxd2+ 17. Kxd2 Rb8 18. b3 0-0 19. e5 Nd7 20. d4 c5 21. Kd3 cxd4 22. Kxd4 Rfe8 23. Re1 Rbd8 0-1

[Event "COL-ch U16 Girls"]
[Site "Medellin"]
[Date "2025.04.26"]
[Round "4"]
[White "Rendon Galvis, Paulina"]
[Black "Arias Arias, Estefania"]
[Result "1-0"]
[WhiteElo "1417"]
[BlackElo "1482"]
[PlyCount "43"]
[EventDate "2025.04.24"]
[EventType "swiss"]
[EventRounds "7"]
[EventCountry "COL"]
[SourceTitle "CB18_2025"]
[SourceDate "2025.04.30"]
[SourceVersion "1"]
[SourceVersionDate "2025.04.30"]
[SourceQuality "1"]

1. e4 e5 2. Nf3 Nf6 3. Nc3 Nc6 4. Bc4 Bc5 5. d3 0-0 6. Bg5 d6 7. h3 Be6 8. Bxe6 fxe6 9. Qe2 Qd7 10. 0-0-0 d5 11. exd5 Nxd5 12. Nxe5 Nxe5 13. Qxe5 Bd6 14. Qe1 Bf4+ 15. Bxf4 Nxf4 16. Qe4 Rab8 17. g3 Ng6 18. f4 b6 19. a3 Rbe8 20. Rhe1 a6 21. h4 h5 22. Qxg6 1-0

[Event "Manizales op 30th"]
[Site "Manizales"]
[Date "2025.01.11"]
[Round "6"]
[White "Rendon Galvis, Paulina"]
[Black "Ramirez Mejia, Jose Gregorio"]
[Result "1/2-1/2"]
[WhiteElo "1500"]
[BlackElo "1451"]
[PlyCount "139"]
[EventDate "2025.01.08"]
[EventType "tourn"]
[EventRounds "7"]
[EventCountry "COL"]
[SourceTitle "CB03_2025"]
[SourceDate "2025.01.15"]
[SourceVersion "1"]
[SourceVersionDate "2025.01.15"]
[SourceQuality "1"]

1. e4 c5 2. Nf3 a6 3. d4 cxd4 4. Nxd4 e5 5. Nf3 Nf6 6. Nc3 Bb4 7. Bd2 d6 8. a3 Bxc3 9. Bxc3 Nbd7 10. Bd3 0-0 11. 0-0 Nc5 12. Re1 Na4 13. Qd2 Bg4 14. Re3 Rc8 15. h3 Bh5 16. Be2 Bg6 17. Bd3 Qc7 18. Rb1 b5 19. Ba5 Qb7 20. b3 Nc5 21. Rc1 Nfxe4 22. Qb4 Nxd3 23. cxd3 Nc5 24. Rd1 Qd5 25. d4 exd4 26. Rxd4 Qc6 27. Qc3 Nb7 28. Qxc6 Rxc6 29. Bc3 Rfc8 30. Bd2 f6 31. Nh4 Re8 32. Nxg6 Rxe3 33. Bxe3 hxg6 34. g4 Rc3 35. Rb4 Na5 36. Rd4 Nb7 37. Rb4 Nc5 38. Bxc5 dxc5 39. Re4 Rxb3 40. a4 Rb4 41. Re8+ Kf7 42. Rc8 c4 43. axb5 axb5 44. Kf1 Rb3 45. Ke1 Rxh3 46. Rc5 Rb3 47. Kd2 Rd3+ 48. Kc2 Rd4 49. f3 Rf4 50. Rxb5 Rxf3 51. g5 Rf5 52. Rb4 Rxg5 53. Rxc4 f5 54. Kd2 Rg4 55. Rc6 f4 56. Ke2 Rg3 57. Kf2 g5 58. Rc5 g4 59. Rf5+ Kg6 60. Rxf4 Rf3+ 61. Rxf3 gxf3 62. Kxf3 Kf5 63. Kg3 g5 64. Kf3 g4+ 65. Kg3 Kg5 66. Kg2 Kf4 67. Kf2 g3+ 68. Kg2 Kg4 69. Kg1 Kh3 70. Kh1 1/2-1/2

[Event "Manizales op 30th"]
[Site "Manizales"]
[Date "2025.01.09"]
[Round "2"]
[White "Bedoya Gil, Hernan"]
[Black "Rendon Galvis, Paulina"]
[Result "1-0"]
[WhiteElo "1641"]
[BlackElo "1500"]
[PlyCount "58"]
[EventDate "2025.01.08"]
[EventType "tourn"]
[EventRounds "7"]
[EventCountry "COL"]
[SourceTitle "CB03_2025"]
[SourceDate "2025.01.15"]
[SourceVersion "1"]
[SourceVersionDate "2025.01.15"]
[SourceQuality "1"]

1. d4 d5 2. c4 c6 3. Nc3 Nf6 4. Bg5 e6 5. e4 Be7 6. Bxf6 Bxf6 7. e5 Be7 8. Bd3 Bb4 9. Nf3 Nd7 10. 0-0 0-0 11. Ne2 f6 12. Qc2 f5 13. c5 Ba5 14. h3 b6 15. a3 b5 16. b4 Bc7 17. a4 Ba6 18. a5 Nb8 19. Nf4 Qd7 20. Ng5 Re8 21. g4 Bd8 22. Ngxe6 Rxe6 23. Bxf5 Qe7 24. Bxe6+ Kh8 25. Qf5 g6 26. Qf7 Qxf7 27. Bxf7 Kg7 28. e6 Bb7 29. Rac1 Na6 1-0

[Event "Manizales op 30th"]
[Site "Manizales"]
[Date "2025.01.08"]
[Round "1"]
[White "Rendon Galvis, Paulina"]
[Black "Vargas Sanchez, Daniel Jose"]
[Result "0-1"]
[WhiteElo "1500"]
[BlackElo "1795"]
[PlyCount "55"]
[EventDate "2025.01.08"]
[EventType "tourn"]
[EventRounds "7"]
[EventCountry "COL"]
[SourceTitle "CB03_2025"]
[SourceDate "2025.01.15"]
[SourceVersion "1"]
[SourceVersionDate "2025.01.15"]
[SourceQuality "1"]

1. e4 c5 2. Nf3 d6 3. d4 cxd4 4. Nxd4 Nf6 5. Nc3 Nc6 6. Be3 Ng4 7. Qd2 Nxe3 8. Qxe3 Qb6 9. Bb5 Bd7 10. Rd1 e5 11. Nd5 Qa5+ 12. b4 exd4 13. bxa5 dxe3 14. Nc7+ Kd8 15. Nxa8 exf2+ 16. Kxf2 Kc8 17. Bxc6 Bxc6 18. a6 b6 19. e5 dxe5 20. Rd2 Bxa8 21. Rhd1 Bc5+ 22. Kg3 Bc6 23. Rf1 f6 24. Kg4 e4 25. Kf4 e3 26. Re2 Bb5 27. Rfe1 Bxe2 28. Rxe2 0-1